Fußballer, die in der Bundesliga spielten - Fußball Sudden Death #1 - Statistiken

Allgemein
  • Dieses Quiz wurde 4.240 mal gespielt
  • Das Durchschnittsergebnis liegt bei 9 aus 15
Answers on the Grid
Answers color-coded by a green-red scale on the quiz's grid according to % correct below.
Viktor Gyökeres
Leandro Trossard
Victor Osimhen
Marcus Thuram
Kevin de Bruyne
Romelu Lukaku
Bernd Leno
Jude Bellingham
Dani Carvajal
Denis Zakaria
Noah Okafor
Frenkie De Jong
Mikel Merino
Edin Dzeko
Adrien Rabiot
Odsonne Edouard
Stefan De Vrij
Fabian Schär
Eden Hazard
Ciro Immobile
Luuk De Jong
Rodri
Christian Eriksen
Divock Origi
John Stones
Fabian Ruiz
Enes Ünal
Konstantinos Mavropanos
Tomas Soucek
Ruud van Nistelrooy
 
Antwortstatistiken
Antwort % Korrekt
Kevin de Bruyne
85%
Jude Bellingham
82%
Bernd Leno
80%
Marcus Thuram
77%
Denis Zakaria
68%
Edin Dzeko
63%
Ciro Immobile
57%
Victor Osimhen
57%
Dani Carvajal
56%
Konstantinos Mavropanos
46%
Fabian Schär
43%
Ruud van Nistelrooy
39%
Luuk De Jong
37%
Mikel Merino
37%
Divock Origi
35%
Keine übereinstimmenden Quizze gefunden
Verteilung der Resultate
Anzahl Personen mit jedem Resultat
Perzentil nach korrekt beantworteten Fragen
Ihre Resultats-Entwicklung
Sie haben dieses Quiz noch nicht gespielt